| 000 | 00432cam a22001577a 4500 | ||
|---|---|---|---|
| 008 | 180718b2001 xxu||||| |||| 00| 0 eng d | ||
| 020 | _a8170336422 | ||
| 082 | _aB142 G959 | ||
| 100 | _aGupta, Krishna | ||
| 245 |
_aWomen, law and public opinion _cby Krishna Gupta |
||
| 260 |
_aJaipur _bRawat _c2001 |
||
| 300 | _a228p. | ||
| 650 | _aWomen - United States. | ||
| 650 | _aWomen - Rights of women - India | ||
| 650 | _aWomen - India | ||
| 999 |
_c395936 _d395936 |
||